1500 fascinating facts about the universe,the word and its people

Bibliographic Details
Format: Book
Published: London : Dean , 1992
Subjects:

MARC

LEADER 00000cam a2200000 7i4500
001 0000005873
002 000006345
005 20000330.0
020 |a 0605550746 
090 0 0 |a 030   |b ONE 
245 0 0 |a 1500 fascinating facts about the universe,the word and its people   |c by simon Goodenough et al 
260 |a London :   |b Dean ,   |c 1992 
300 |a 282 :   |b illus ;   |c 25cm. 
650 0 0 |a Cuviocities and wonders 
999 |a 029368   |b BUKU   |c PINJAMAN   |e PERPUSTAKAAN KOMUNITI PETALING JAYA 
999 |a 029369   |b BUKU   |c PINJAMAN   |e PERPUSTAKAAN KOMUNITI PETALING JAYA